1922 : ιμπεριαλιστική εκστρατεία και μικρασιατική καταστροφή

Αποθηκεύτηκε σε:
Λεπτομέρειες βιβλιογραφικής εγγραφής
Συγγραφή απο Οργανισμό/Αρχή: Κομμουνιστικό Κόμμα Ελλάδος. Ιστορικό τμήμα της Κ.Ε (Επιμελητής έκδοσης)
Μορφή: Βιβλίο
Γλώσσα:Greek
Δημοσίευση: Αθήνα : Σύγχρονη εποχή, 2022.
Έκδοση:2η έκδ.
Θέματα:
Ετικέτες: Προσθήκη ετικέτας
Δεν υπάρχουν, Καταχωρήστε ετικέτα πρώτοι!

MARC

LEADER 00000nam a2200000 a 4500
001 1/126234
008 230307t2022####gr | ||| |||| ||gre||
020 |a 9789604514090 
040 |a GR-MyUa  |b gre  |c GR-MyUa  |e AACR2 
041 0 |a gre 
082 7 |a 938.726  |2 (23) 
245 1 0 |a 1922 :   |b ιμπεριαλιστική εκστρατεία και μικρασιατική καταστροφή /   |c επιμέλεια Τμήμα ιστορίας της ΚΕ του ΚΚΕ.  
250 |a 2η έκδ.  
260 |a Αθήνα :   |b Σύγχρονη εποχή,   |c 2022.  
300 |a 398 σ. :   |b εικ. ;   |c 25 εκ.  
504 |a Περιέχει βιβλιογραφικές αναφορές.  
650 0 |a Greco-Turkish War, 1921-1922 
710 2 |a Κομμουνιστικό Κόμμα Ελλάδος. Ιστορικό τμήμα της Κ.Ε.  |e edt 
852 |a INST  |b SAMOS  |e 20230307  |h 938.726 ΧΙΛ  |p 005300048116  |q 005300048116  |t BK  |y 0 
970 |a Γουβάλα  |b Βάσω   |z 07-03-2023